Central Library OPAC University of Rajshahi

Numerical solution of differential equations / (Record no. 7773)

MARC details
000 -LEADER
fixed length control field 00846cam a22002771a 4500
001 - CONTROL NUMBER
control field 7773
003 - CONTROL NUMBER IDENTIFIER
rucl marc code BD-RjUL
005 - DATE AND TIME OF LATEST TRANSACTION
control field 20211208234453.0
008 - FIXED-LENGTH DATA ELEMENTS--GENERAL INFORMATION
fixed length control field 140115r19871984ii a b 001 0 eng
020 ## - INTERNATIONAL STANDARD BOOK NUMBER
International Standard Book Number 0852264321
035 ## - SYSTEM CONTROL NUMBER
System control number (BD-RjUL)7817
040 ## - CATALOGING SOURCE
Original cataloging agency DLC
Transcribing agency DLC
Modifying agency BD-RjUL
Language of cataloging eng
041 ## - LANGUAGE CODE
Language code of text/sound track or separate title eng
082 00 - DEWEY DECIMAL CLASSIFICATION NUMBER
Classification number 515.35
Edition number 19
Author mark and year JAN 1987
100 1# - MAIN ENTRY--PERSONAL NAME
Personal name Jain, M. K.
Fuller form of name (Mahinder Kumar),
Dates associated with a name 1932-
9 (RLIN) 24235
245 10 - TITLE STATEMENT
Title Numerical solution of differential equations /
Statement of responsibility, etc. M.K. Jain.
250 ## - EDITION STATEMENT
Edition statement 2nd ed.
260 ## - PUBLICATION, DISTRIBUTION, ETC. (IMPRINT)
Place of publication, distribution, etc. Wiley Eastern ; New Delhi :
Name of publisher, distributor, etc. Halsted Press
Date of publication, distribution, etc. c1984 [reprint 1985].
300 ## - PHYSICAL DESCRIPTION
Pagination xix, 697p. ;
Illustrations ill. ;
Size 23 cm.
500 ## - GENERAL NOTE
General note Cataloging based on CIP information.
504 ## - BIBLIOGRAPHY, ETC. NOTE
Bibliography, etc Includes index.
650 #0 - SUBJECT ADDED ENTRY--TOPICAL TERM
Topical term or geographic name as entry element Differential equations
General subdivision Numerical solutions.
9 (RLIN) 24236
942 ## - ADDED ENTRY ELEMENTS (KOHA)
Source of classification or shelving scheme Dewey Decimal Classification
Koha item type Books
Holdings
Lost status Source of classification or shelving scheme Damaged status Not for loan Collection code Permanent Location Current Location Shelving location Date acquired Source of acquisition Cost, normal purchase price Total Checkouts Full call number Date last seen Copy number Koha item type
  Dewey Decimal Classification   Not For Loan Non-fiction Central Library, University of Rajshahi Central Library, University of Rajshahi   30/04/1989 Karim International 65.00   515.35 JAN 1987 15/01/2014 C-1 Books
  Dewey Decimal Classification     Non-fiction Central Library, University of Rajshahi Central Library, University of Rajshahi   30/04/1989 Zeitlinger 65.00   515.35 JAN 1987 10/11/2016 C-2 Books
  Dewey Decimal Classification     Non-fiction Central Library, University of Rajshahi Central Library, University of Rajshahi   23/05/1990 Dhaka, Karim International 65.00   515.35 JAN 1987 17/04/2017 C-3 Books